Využitie historických objektov pre ubytovacie služby v cestovnom ruchu
Ochrana kultúrneho dedičstva u nás a v zahraničí. Priama a nepriama finančná podpora na starostlivosť o pamiatkový fond. Nedostatok finančných prostriedkov a stav kultúrnych pamiatok u nás. Návrhy opatrení. Príspevok z riešenia Projektu VEGA č. 1/7707/20.
Salvato in:
| Autore principale: | |
|---|---|
| Natura: | Capitolo di libro |
| Lingua: | slovacco |
| Soggetti: | |
| Tags: |
Nessun Tag, puoi essere il primo ad aggiungerne!!
|
MARC
| LEADER | 00000naa$a2200000$$$4500 | ||
|---|---|---|---|
| 001 | 0008919 | ||
| 005 | 20221104095459.5 | ||
| 041 | 0 | |a slo | |
| 044 | |a SK | ||
| 245 | 1 | 0 | |a Využitie historických objektov pre ubytovacie služby v cestovnom ruchu |c aut. Anna Sirotková |
| 520 | |a Ochrana kultúrneho dedičstva u nás a v zahraničí. Priama a nepriama finančná podpora na starostlivosť o pamiatkový fond. Nedostatok finančných prostriedkov a stav kultúrnych pamiatok u nás. Návrhy opatrení. Príspevok z riešenia Projektu VEGA č. 1/7707/20. | ||
| 610 | 2 | 0 | |a ruch cestovný |
| 610 | 2 | 0 | |a pamiatky |
| 610 | 2 | 0 | |a ochrana majetku národného |
| 610 | 2 | 0 | |a ochrana pamiatok |
| 610 | 2 | 0 | |a ubytovanie |
| 610 | 2 | 0 | |a Slovensko |
| 610 | 2 | 0 | |a projekty |
| 100 | 1 | |a Veszprémi Sirotková, Anna, 1966- | |